02311nam a2200289 i 450000100060000000300090000600500170001500700030003200800410003504000200007624501560009626000950025230000200034749000470036750000510041450510690046553000350153454600310156959700190160065000390161970000390165883000550169785200240175285600890177699900170186595201390188268721ES-MaACL20250814064713.0t|960826m18551861fr ||||1| lat d aCAM bspa cCAM00aGeographi graeci minores / ce codicibus recognovit, prolegomenis, annotatione, indicibus instruxit, tabulis aeri incisis illustravit Carolus Mullerus. aParisiis : beditore Ambrosio Firmin Didot, c1855-1861 (fexcudebant Firmin Didot frates) a3 v. ; c27 cm.1 aScriptorum graecorum bibliotheca ; v44-46 aVol. 3: Tabulae in geographos graecos minores.8 aMapas y planos incluidos: [V. 3: 1-2. Africa. NO. Itinerarios. S. IV-III a.C. (1855). 3. Mediterráneo. O. (Mar). Itinerarios. S. IV-III a.C. (1855). 4. Egeo (Islas). Itinerarios. S. IV-III a.C. (1855). 5. Mar Negro. Itinerarios. S. IV-III a.C. (1855). 5 Bis. Mediterráneo. E. (Mar). Itinerarios. S. IV-III a.C. (1855). 6-8. Mar Rojo. Mapas generales. S. II a. C. (1855). 9. Éufrates (Río). Itinerarios. S. I a. C. (1855). 10. Persia. Itinerarios. S. II a. C. (1855). 11. Índico (Océano). Itinerarios. S. III-I a. C. (1855). 12. Libia. E. Itinerarios. S. III-I a. C. (1855). 13. Arabia. Costas. S. I a.C. (1855). 14. India. Costas. S. III-I a. C. (1855). 15. Índico (Océano). Costas. S. I I (1855). 16 -18. Mar Negro. Itinerarios. S. I I (1855). 19-23. Libia. Costas. S. I-II (1855). 24. Cilicia. Costas. S. II-III (1855). 25. Asia Menor. Costas. S. III (1855). 26. Chipre (Isla). Costas. S. III-IV. (1855). 27. Creta (Grecia) (Isla). Mapas generales. 1855. 28. Índico (Océano). Itinerarios. S. IV (1855). 29. Europa. Itinerarios. S. IV (1855).] aDisponible en formato digital. aTexto en griego y latín. aTexto a 2 col. 7aGeografía antigua2embne91361731 aMüller, Karl, d1813-18949841330 aScriptorum graecorum bibliotheca ; v44-469182435 aES-MaACLjB-2452-54 uhttp://bdh-rd.bne.es/viewer.vm?id=0000001224&page=1 zBiblioteca Digital Hispánica c68721d68721 001040708Colección_digitalaATENEOMbATENEOMcSPBd2008-01-17eSCl0oB-2452-54p1071950r2023-02-23 00:00:00w2023-02-23yMONANT